[Event "Regionalliga NO 1617"]
[Site "Bayern"]
[Date "2017.02.19"]
[Round "6.2"]
[White "Barth, Norbert"]
[Black "Just, Hannes"]
[Result "1-0"]
[WhiteElo "2242"]
[BlackElo "2103"]
[PlyCount "79"]
[EventDate "2016.10.16"]
[EventType "team-tourn"]
[EventRounds "9"]
[EventCountry "GER"]
[SourceTitle "EXT 2019"]
[Source "ChessBase"]
[SourceDate "2018.10.10"]
[SourceVersion "1"]
[SourceVersionDate "2018.10.10"]
[SourceQuality "1"]
[WhiteTeam "Schwandorf"]
[BlackTeam "Nuernberg Sued SW II"]
[WhiteTeamCountry "GER"]
[BlackTeamCountry "GER"]

1. c4 e5 2. Nc3 Bb4 3. Qc2 Nf6 4. Nf3 Bxc3 5. Qxc3 d6 6. g3 Bd7 7. Bg2 Nc6 8. d3 Qc8 9. h3 0-0 10. e4 a6 11. Bg5 Ne8 12. d4 h6 13. Be3 exd4 14. Nxd4 Nxd4 15. Qxd4 c5 16. Qd3 b5 17. b3 Rb8 18. g4 bxc4 19. bxc4 a5 20. 0-0 Qa6 21. Rfc1 Nc7 22. e5 Ne6 23. Qxd6 Qa7 24. Rab1 Rb4 25. a3 Rbb8 26. Bd5 Nd4 27. Bxd4 cxd4 28. Rxb8 Rxb8 29. Qe7 Qc7 30. Qxf7+ Kh8 31. e6 d3 32. exd7 Qe5 33. Rd1 d2 34. Rxd2 Qe1+ 35. Kg2 Qxd2 36. Qe8+ Rxe8 37. dxe8Q+ Kh7 38. Bg8+ Kh8 39. Bf7+ Kh7 40. Bg6# 1-0

[Event "Regionalliga NO 1516"]
[Site "Bayern"]
[Date "2016.01.31"]
[Round "6.2"]
[White "Barth, Norbert"]
[Black "Braun, Michael1"]
[Result "1-0"]
[WhiteElo "2242"]
[BlackElo "2048"]
[PlyCount "67"]
[EventDate "2015.10.11"]
[EventType "team-tourn"]
[EventRounds "9"]
[EventCountry "GER"]
[SourceTitle "EXT 2018"]
[Source "ChessBase"]
[SourceDate "2017.10.13"]
[SourceVersion "1"]
[SourceVersionDate "2017.10.13"]
[SourceQuality "1"]
[WhiteTeam "Schwandorf"]
[BlackTeam "Buechenbach/Roth"]
[WhiteTeamCountry "GER"]
[BlackTeamCountry "GER"]

1. e4 c5 2. Nf3 d6 3. Bb5+ Nd7 4. d4 cxd4 5. Qxd4 a6 6. Be2 Ngf6 7. 0-0 e5 8. Qe3 Nc5 9. Nfd2 Be7 10. c4 0-0 11. Nc3 Bd7 12. b3 Qa5 13. Rb1 Ne6 14. b4 Qc7 15. Rd1 Nd4 16. Bf1 b5 17. Qd3 Rfc8 18. Bb2 bxc4 19. Nxc4 Be6 20. Ne3 Qb7 21. Ba1 Nb5 22. Ncd5 Bxd5 23. exd5 Nd7 24. a4 Nc7 25. Nc4 Nb6 26. Na5 Qxd5 27. Qe3 Qa2 28. Qxb6 Qxa4 29. Nc6 Bf8 30. Na7 Rab8 31. Qa5 Qxa5 32. bxa5 Re8 33. Nc6 Ra8 34. Rb6 1-0

[Event "Regionalliga NO 1516"]
[Site "Bayern"]
[Date "2016.01.17"]
[Round "5.2"]
[White "Barth, Norbert"]
[Black "Ganaus, Hannes"]
[Result "1/2-1/2"]
[WhiteElo "2242"]
[BlackElo "2292"]
[PlyCount "103"]
[EventDate "2015.10.11"]
[EventType "team-tourn"]
[EventRounds "9"]
[EventCountry "GER"]
[SourceTitle "EXT 2018"]
[Source "ChessBase"]
[SourceDate "2017.10.13"]
[SourceVersion "1"]
[SourceVersionDate "2017.10.13"]
[SourceQuality "1"]
[WhiteTeam "Schwandorf"]
[BlackTeam "Regensburg Bavaria"]
[WhiteTeamCountry "GER"]
[BlackTeamCountry "GER"]

1. e4 c6 2. d4 d5 3. e5 Bf5 4. h4 a6 5. c4 Bxb1 6. Rxb1 e6 7. Nf3 dxc4 8. Bxc4 Bb4+ 9. Kf1 h6 10. Qb3 Qe7 11. h5 b5 12. Bd3 Nd7 13. Rh4 Ba5 14. Rg4 c5 15. Be4 c4 16. Qc2 Rd8 17. Rxg7 Qf8 18. Rg3 Ne7 19. a4 Nb6 20. axb5 axb5 21. Ra1 Bb4 22. Ra7 Ned5 23. Nh4 Rd7 24. Ra1 Qe7 25. Nf3 Ra7 26. Qb1 Qd7 27. Kg1 Be7 28. Nh2 b4 29. Ng4 b3 30. Nxh6 Rxa1 31. Qxa1 Qa4 32. Qb1 Bf8 33. Ng8 c3 34. bxc3 Rxh5 35. c4 Qxc4 36. Rxb3 Qxd4 37. Nf6+ Nxf6 38. Bc6+ Nfd7 39. Be3 Qxe5 40. Rxb6 Qh2+ 41. Kf1 Kd8 42. g3 Qh3+ 43. Bg2 Qg4 44. Qd3 Ra5 45. Rb1 Ra3 46. Qd2 Qc4+ 47. Kg1 Ra2 48. Qd1 Qc2 49. Rc1 Qxd1+ 50. Rxd1 Bg7 51. Bc6 Ra1 52. Bc1 1/2-1/2

[Event "Regionalliga NO 1213"]
[Site "Bayern"]
[Date "2012.12.09"]
[Round "4.2"]
[White "Barth, Norbert"]
[Black "Walter, Florian"]
[Result "1-0"]
[WhiteElo "2238"]
[BlackElo "2172"]
[PlyCount "80"]
[EventDate "2012.10.14"]
[EventType "team-tourn"]
[EventRounds "9"]
[EventCountry "GER"]
[SourceTitle "EXT 2015"]
[Source "ChessBase"]
[SourceDate "2014.11.20"]
[SourceVersion "1"]
[SourceVersionDate "2014.11.20"]
[SourceQuality "1"]
[WhiteTeam "Schwandorf"]
[BlackTeam "Lauf"]
[WhiteTeamCountry "GER"]
[BlackTeamCountry "GER"]

1. e4 g6 2. d4 Bg7 3. Nf3 d6 4. Be2 c5 5. dxc5 Qa5+ 6. Nfd2 Qxc5 7. 0-0 Nf6 8. c4 0-0 9. Nc3 Nbd7 10. Nb3 Qc7 11. Be3 b6 12. Rc1 Bb7 13. f3 Rac8 14. Nd4 a6 15. Qd2 e6 16. Rfd1 Rfd8 17. Nc2 Bf8 18. Bf1 Ne5 19. Na3 Be7 20. Kh1 Nfd7 21. Qe2 f5 22. f4 Ng4 23. Bg1 Nc5 24. exf5 gxf5 25. h3 Nf6 26. Bxc5 Qxc5 27. Qxe6+ Kf8 28. Rd5 Bxd5 29. cxd5 Qb4 30. Re1 Re8 31. Qxf5 Qd4 32. Nc2 Qf2 33. Rd1 b5 34. Nd4 Kg8 35. Nc6 Qh4 36. Nxe7+ Rxe7 37. Qxc8+ Kg7 38. Qf5 b4 39. Ne2 Ne4 40. Nd4 Nf2+ 1-0

[Event "Regionalliga NO 1112"]
[Site "Bayern"]
[Date "2011.10.02"]
[Round "1.2"]
[White "Barth, Norbert"]
[Black "Roesch, Gerald"]
[Result "1/2-1/2"]
[WhiteElo "2209"]
[BlackElo "2009"]
[PlyCount "40"]
[EventDate "2011.10.02"]
[EventType "team-tourn"]
[EventRounds "9"]
[EventCountry "GER"]
[SourceTitle "EXT 2013"]
[Source "ChessBase"]
[SourceDate "2012.11.22"]
[SourceVersion "1"]
[SourceVersionDate "2012.11.22"]
[SourceQuality "1"]
[WhiteTeam "Schwandorf"]
[BlackTeam "Amberg Siemens"]
[WhiteTeamCountry "GER"]
[BlackTeamCountry "GER"]

1. b3 e5 2. Bb2 Qe7 3. c4 f5 4. d4 e4 5. e3 Nf6 6. h4 d6 7. Nh3 Be6 8. Nf4 Bf7 9. Nc3 c6 10. Be2 Na6 11. Qd2 Nc7 12. f3 exf3 13. Bxf3 g6 14. 0-0-0 d5 15. c5 Bh6 16. Kb1 0-0 17. Rdg1 Rae8 18. Bc1 Ne4 19. Bxe4 dxe4 20. Qf2 b6 1/2-1/2

[Event "Landesliga Nord 1011"]
[Site "Bayern"]
[Date "2010.10.24"]
[Round "2.2"]
[White "Loos, Roland"]
[Black "Barth, Norbert"]
[Result "1-0"]
[WhiteElo "2301"]
[BlackElo "2221"]
[PlyCount "103"]
[EventDate "2010.10.10"]
[EventType "team-tourn"]
[EventRounds "9"]
[EventCountry "GER"]
[SourceTitle "EXT 2012"]
[Source "ChessBase"]
[SourceDate "2011.11.24"]
[SourceVersion "1"]
[SourceVersionDate "2011.11.24"]
[SourceQuality "1"]
[WhiteTeam "Neutraubling"]
[BlackTeam "Schwandorf"]
[WhiteTeamCountry "GER"]
[BlackTeamCountry "GER"]

1. Nf3 Nf6 2. c4 e6 3. g3 d5 4. d4 Bb4+ 5. Bd2 a5 6. Bg2 c6 7. 0-0 0-0 8. Bg5 Be7 9. Nbd2 Nbd7 10. Qc2 b6 11. e4 Ba6 12. e5 Ne8 13. h4 Rc8 14. Rfe1 Nc7 15. Bxe7 Qxe7 16. Ng5 g6 17. Bf1 Bb7 18. cxd5 cxd5 19. a3 Ba6 20. Rac1 Bxf1 21. Nxf1 Nb8 22. Re3 Nba6 23. Rc3 h6 24. Nf3 Rb8 25. Qd2 Kg7 26. Ne3 Rb7 27. Ng4 Rh8 28. h5 Ne8 29. Qd3 Nac7 30. hxg6 fxg6 31. Rc6 Rf8 32. Kg2 Qf7 33. Qe3 Rh8 34. Nf6 a4 35. Qc3 Qe7 36. Qc2 b5 37. Qc3 Rf8 38. Qc2 Na8 39. Nxd5 Qd7 40. Nf4 Rxf4 41. gxf4 Nb6 42. Nh4 Qf7 43. Qxg6+ Qxg6+ 44. Nxg6 Kxg6 45. Rxe6+ Kf7 46. Rxh6 Nc4 47. Rh7+ Ng7 48. f5 Kg8 49. Rch1 Rb6 50. Rh8+ Kf7 51. R1h7 Nxb2 52. e6+ 1-0

[Event "Landesliga Nord 0910"]
[Site "Bayern"]
[Date "2010.01.24"]
[Round "5.2"]
[White "Barth, Norbert"]
[Black "Kuhn, Tobias"]
[Result "1-0"]
[WhiteElo "2233"]
[BlackElo "2161"]
[PlyCount "79"]
[EventDate "2009.10.18"]
[EventType "team-tourn"]
[EventRounds "9"]
[EventCountry "GER"]
[SourceTitle "EXT 2011"]
[Source "ChessBase"]
[SourceDate "2010.11.26"]
[SourceVersion "1"]
[SourceVersionDate "2010.11.26"]
[SourceQuality "1"]
[WhiteTeam "Schwandorf"]
[BlackTeam "Klingenberg"]
[WhiteTeamCountry "GER"]
[BlackTeamCountry "GER"]

1. e4 c5 2. Nf3 d6 3. Bb5+ Bd7 4. Qe2 Nc6 5. c3 Nf6 6. 0-0 e6 7. d4 cxd4 8. cxd4 Be7 9. Nc3 a6 10. Ba4 b5 11. Bb3 b4 12. Nb1 Na5 13. Bc2 Bb5 14. Bd3 Bxd3 15. Qxd3 d5 16. e5 Nd7 17. Be3 0-0 18. Nbd2 Qb6 19. Bg5 Rfe8 20. Bxe7 Rxe7 21. Rfc1 Nf8 22. Rc2 Rc7 23. Rac1 Rxc2 24. Rxc2 Rb8 25. b3 Nc6 26. h4 Na7 27. Nf1 Rc8 28. Rxc8 Nxc8 29. Ng3 Na7 30. Qd2 a5 31. Ne2 Nb5 32. g3 Qc6 33. Kg2 Ng6 34. h5 Ne7 35. Qg5 Qc7 36. h6 Ng6 37. hxg7 Nc3 38. Nxc3 bxc3 39. Qh6 f6 40. exf6 1-0